Los agroquímicos, la sanidad animal y vegetal y la salud de la población humana : reflexiones en el marco del desarrollo social y ambientalmente sostenible /

Guardado en:
Autor Principal: Gallo Mendoza, Guillermo G.
Formato: Libro
Idioma:Spanish
Publicado: Buenos Aires : Fundación Instituto Latinoamericano de Políticas Sociales, 1995.
Etiquetas: Agregar Etiqueta
Sin Etiquetas, Sea el primero en etiquetar este registro!
LEADER 00642nam a22001455a 4500
001 EEA.libagro005143
005 20181003121620.0
008 130809s1995####ag#a##########000#0#spa#d
082 0 4 |a 632.95042 
082 0 4 |a 668.65 
100 1 |a Gallo Mendoza, Guillermo G. 
245 1 4 |a Los agroquímicos, la sanidad animal y vegetal y la salud de la población humana :  |b reflexiones en el marco del desarrollo social y ambientalmente sostenible /  |c Guillermo Gallo Mendoza. 
260 |a Buenos Aires :  |b Fundación Instituto Latinoamericano de Políticas Sociales,  |c 1995. 
300 |a 96 p. :  |b il. ;  |c 22 cm. 
859 |a AR-BbBCA  |b BIB. AGRONOMIA  |h 632.95042  |i G172  |p 1995/2414